Faqīr rang : (Record no. 328777)
[ view plain ]
| 000 -LEADER | |
|---|---|
| fixed length control field | 01840cam a2200409 a 4500 |
| 001 - CONTROL NUMBER | |
| control field | 17278220 |
| 003 - CONTROL NUMBER IDENTIFIER | |
| control field | Nust |
| 005 - DATE AND TIME OF LATEST TRANSACTION | |
| control field | 20170417120114.0 |
| 008 - FIXED-LENGTH DATA ELEMENTS--GENERAL INFORMATION | |
| fixed length control field | 120430s2012 pk 000 0 urd |
| 010 ## - LIBRARY OF CONGRESS CONTROL NUMBER | |
| LC control number | 2011313661 |
| 020 ## - INTERNATIONAL STANDARD BOOK NUMBER | |
| International Standard Book Number | 9789695733721 |
| 025 ## - OVERSEAS ACQUISITION NUMBER | |
| Overseas acquisition number | P-U-2011313661; 07 |
| 037 ## - SOURCE OF ACQUISITION | |
| Source of stock number/acquisition | Library of Congress -- Islamabad Overseas Office |
| Terms of availability | Rs 599 |
| 040 ## - CATALOGING SOURCE | |
| Original cataloging agency | DLC |
| Transcribing agency | DLC |
| 042 ## - AUTHENTICATION CODE | |
| Authentication code | lcode |
| -- | pcc |
| 050 00 - LIBRARY OF CONGRESS CALL NUMBER | |
| Classification number | BP189.3 |
| Item number | .S43 2012 |
| 066 ## - CHARACTER SETS PRESENT | |
| Alternate G0 or G1 character set | (3 |
| -- | (4 |
| 082 ## - DEWEY DECIMAL CLASSIFICATION NUMBER | |
| Classification number | 297.4 |
| Author Mark | SHA |
| 100 1# - MAIN ENTRY--PERSONAL NAME | |
| Linkage | 880-01 |
| Personal name | Shāh, Sarfarāz Ae, |
| Dates associated with a name | 1944- |
| 245 10 - TITLE STATEMENT | |
| Linkage | 880-02 |
| Title | Faqīr rang : |
| Remainder of title | dil kī gahrāʼīon̲ se nikalī rūḥānī guftgū / |
| Statement of responsibility, etc. | Sarfarāz Shāh. |
| 250 ## - EDITION STATEMENT | |
| Linkage | 880-03 |
| Edition statement | Ishāʻat 1. |
| 260 ## - PUBLICATION, DISTRIBUTION, ETC. | |
| Linkage | 880-04 |
| Place of publication, distribution, etc. | Lāhore : |
| Name of publisher, distributor, etc. | Jahāngīr Books, |
| Date of publication, distribution, etc. | 2012. |
| 300 ## - PHYSICAL DESCRIPTION | |
| Extent | 318 p. ; |
| Dimensions | 23 cm.+ |
| Accompanying material | 1 sound disc (digital, MP3 file ; 4 3/4 in.) |
| 490 0# - SERIES STATEMENT | |
| Linkage | 880-05 |
| Series statement | Kahe faqīr -- silsilah |
| 500 ## - GENERAL NOTE | |
| General note | One DVD in pocket attached to inside back cover. |
| 520 ## - SUMMARY, ETC. | |
| Summary, etc. | On the doctrines of sufism. |
| 546 ## - LANGUAGE NOTE | |
| Language note | In Urdu. |
| 650 #0 - SUBJECT ADDED ENTRY--TOPICAL TERM | |
| Topical term or geographic name entry element | Sufism |
| General subdivision | Doctrines. |
| 650 #0 - SUBJECT ADDED ENTRY--TOPICAL TERM | |
| Topical term or geographic name entry element | Sufism |
| General subdivision | Customs and practices. |
| 650 #0 - SUBJECT ADDED ENTRY--TOPICAL TERM | |
| Topical term or geographic name entry element | Religious life |
| General subdivision | Islam. |
| 880 1# - ALTERNATE GRAPHIC REPRESENTATION | |
| Linkage | 100-01/(3/r |
| Title | شاه، سرفراز اے، |
| d | 1944- |
| 880 10 - ALTERNATE GRAPHIC REPRESENTATION | |
| Linkage | 245-02/(3/r |
| Title | فقير رنگ : |
| b | دل کى گهرائيوں سے نکلى روحانى گفتگو / |
| c | سرفراز شاه. |
| 880 ## - ALTERNATE GRAPHIC REPRESENTATION | |
| Linkage | 250-03/(3/r |
| Title | اشاعت 1. |
| 880 ## - ALTERNATE GRAPHIC REPRESENTATION | |
| Linkage | 260-04/(3/r |
| Title | لاهور : |
| b | جهانگير بکس، |
| c | 2012. |
| 880 0# - ALTERNATE GRAPHIC REPRESENTATION | |
| Linkage | 490-05/(4/r |
| Title | کهے فقير -- سلسله |
| 906 ## - LOCAL DATA ELEMENT F, LDF (RLIN) | |
| a | 7 |
| b | cbc |
| c | origode |
| d | 3 |
| e | ncip |
| f | 20 |
| g | y-nonroman |
| 942 ## - ADDED ENTRY ELEMENTS (KOHA) | |
| Source of classification or shelving scheme | |
| Koha item type | Book |
| Withdrawn status | Lost status | Source of classification or shelving scheme | Damaged status | Not for loan | Collection code | Permanent Location | Current Location | Shelving location | Date acquired | Total Checkouts | Full call number | Barcode | Date last seen | Copy number | Price effective from | Koha item type |
|---|---|---|---|---|---|---|---|---|---|---|---|---|---|---|---|---|
| Central Library (CL) | Central Library (CL) | First Floor - Islam | 04/17/2017 | 297.4 SHA | CL3096 | 12/08/2023 | 1 | 04/17/2017 | Book |
